Представление документа в формате RUSMARC

ПолеНазваниеЗначение
  Тип записи a
  Библиографический уровень m
001 Контрольный номер UONB/MAIN/5b271d84156a438e83c573ce0ba137d6
005 Дата корректировки 20260429130041.5
010 Индекс ISBN __
b Уточнения в пер.
100 Данные общей обработки __
a Данные общей обработки 20260429d1983 k y0rusy0189 ca
101 Язык документа 0_
a Язык текста rus
102 Страна публикации __
a Страна публикации RU
105 Кодированные данные (монография) __
a Кодированные данные (монография) y z 001yy
200 Заглавие и сведения об ответственности 1_
a Заглавие Студийные течения в советской режиссуре 1920-1930-х годов
e Сведения, относящиеся к заглавию сборник научных трудов
f Первые сведения об ответственности Ленинградский государственный институт театра, музыки и кинематографии
g Последующие сведения об ответственности редактор В. М. Миронова
203 Вид содержания и тип средства __
a Вид содержания Текст
b Характеристика содержания визуальный
c Тип средства непосредственный
210 Выходные данные 1_
a Место издания Ленинград
c Издательство ЛГИТМИК
d Дата издания 1983
215 Физическое описание __
a Объем 134 с.
d Формат 21 см
320 Библиография __
a Библиография Библиогр.: с. 125-133
606 Тематические рубрики 0_
a Основная рубрика Театральные студии в СССР
x Основная подрубрика История
606 Тематические рубрики 0_
a Основная рубрика Режиссура
610 Ключевые слова 0_
a Ключевые слова театральные студии
610 Ключевые слова 0_
a Ключевые слова режиссура
610 Ключевые слова 0_
a Ключевые слова режиссура советская
675 Индекс УДК __
a Индекс УДК 792С2
675 Индекс УДК __
a Индекс УДК 792.075
686 Индексы других классификаций __
a Классификационный индекс 85.333(2)
2 Код системы rubbk
702 Вторичная интеллектуальная ответственность _1
a Фамилия Миронова
b Имя (инициалы) В. М.
4 Код отношения 340
712 Наименование организации (Вторичная ответственность) 02
a Организация/ юрисдикция Ленинградский институт театра, музыки и кинематографии
4 Код отношения 570
801 Источник записи _0
a Страна RU
b Организация Ульяновская ОНБ
c Дата составления 20260429
g Правила каталогизации RCR
801 Источник записи _1
a Страна RU
b Организация Ульяновская ОНБ
c Дата составления 20260429
g Правила каталогизации RCR
901 Тип документа __
t Тип документа m
909 Создатель записи __
a Создатель записи Грязнова Т.
b Дата создания записи 20260429